UM Logo

Physical activity towards health and fitness PATHFIT 3: (Record no. 23696)

MARC details
000 -LEADER
fixed length control field 00839nam a22002057a 4500
005 - DATE AND TIME OF LATEST TRANSACTION
control field 20250918105411.0
008 - FIXED-LENGTH DATA ELEMENTS--GENERAL INFORMATION
fixed length control field 250905b |||||||| |||| 00| 0 eng d
020 ## - INTERNATIONAL STANDARD BOOK NUMBER
International Standard Book Number 9786214092383
082 ## - DEWEY DECIMAL CLASSIFICATION NUMBER
Classification number DFil 613.7 Aq56 2024
100 ## - MAIN ENTRY--PERSONAL NAME
Personal name Auino, John Michael D.
9 (RLIN) 67310
245 ## - TITLE STATEMENT
Title Physical activity towards health and fitness PATHFIT 3:
Remainder of title dance, fitness, and tradition /
Statement of responsibility, etc. John Michael D. Aquino, Julie Anne R. Palomaria, and Ernesto Thaddeus M. Solmerano.
260 ## - PUBLICATION, DISTRIBUTION, ETC. (IMPRINT)
Place of publication, distribution, etc. Mandaluyong City :
Name of publisher, distributor, etc. Books Atbp. Publishing Corp.,
Date of publication, distribution, etc. ©2024.
300 ## - PHYSICAL DESCRIPTION
Extent viii, 174 pages :
Other physical details illustrations ;
Dimensions 25 cm.
500 ## - GENERAL NOTE
General note Includes references.
650 #0 - SUBJECT ADDED ENTRY--TOPICAL TERM
Topical term or geographic name as entry element Physical fitness
9 (RLIN) 67769
650 #0 - SUBJECT ADDED ENTRY--TOPICAL TERM
Topical term or geographic name as entry element Physical activity.
9 (RLIN) 67770
700 ## - ADDED ENTRY--PERSONAL NAME
Personal name Palomaria, Julie Anne R.
9 (RLIN) 67311
Relator term author.
700 ## - ADDED ENTRY--PERSONAL NAME
Personal name Solmerano, Ernesto Thaddeus M.
Relator term author.
9 (RLIN) 33596
942 ## - ADDED ENTRY ELEMENTS (KOHA)
Source of classification or shelving scheme Dewey Decimal Classification
Koha item type Filipiniana
Holdings
Withdrawn status Lost status Source of classification or shelving scheme Damaged status Not for loan Collection code Home library Current library Date acquired Source of acquisition Cost, normal purchase price Total Checkouts Full call number Barcode Date last seen Price effective from Koha item type
    Dewey Decimal Classification     Filipiniana UM Digos College - LIC UM Digos College - LIC 08/11/2025 Purchased 760.00   DFil 613.7 Aq56 2024 28723 09/05/2025 09/05/2025 Filipiniana